Egészségügyi finanszírozás vizsgálata és annak hatásai az egészségügyi ellátórendszerre

Elmentve itt :
Bibliográfiai részletek
Szerző: Tari Szabrina Anna
További közreműködők: Baráth Lajos (Témavezető)
Dokumentumtípus: Szakdolgozat
Megjelent: 2018
Tárgyszavak:
Online Access:http://diploma.bibl.u-szeged.hu/80960
LEADER 00729nta a2200169 i 4500
001 dipl80960
005 20191112081727.0
008 191112s2018 hu om 0|| zxx d
040 |a SZTE Diploma Repozitórium  |b hun 
041 |a zxx 
100 1 |a Tari Szabrina Anna 
245 1 0 |a Egészségügyi finanszírozás vizsgálata és annak hatásai az egészségügyi ellátórendszerre  |h [elektronikus dokumentum] /  |c Szabrina Anna Tari 
246 1 0 |a A research on health care financing and its impact on helthcare supply system  |h [elektronikus dokumentum] 
260 |c 2018 
650 4 |a Gazdaságtudományok 
700 1 |a Baráth Lajos  |e ths 
856 4 0 |u http://diploma.bibl.u-szeged.hu/id/eprint/80960/1/2018_tari_szabrina_anna.pdf  |z Dokumentum-elérés